000 00457nam a2200169Ia 4500
999 _c18751
_d18751
003 OSt
005 20200709105815.0
008 190216s9999||||xx |||||||||||||| ||und||
040 _coclc
082 _a335
_bLEN/M
100 _aLenin, V I
_93684
245 0 _aMarx Engels Marxism /
_cV I Lenin
250 _a8th Ed.
260 _bProgress Publishers,
_c1968.
_aMoscow:
300 _a517p
942 _cBK
_2ddc
_h335
_iLEN/M
_k335
_mLEN/M